Statistics for Runescape Quiz #1

Click here to take the quiz!

General Stats

  • This quiz has been taken 221 times
    (209 since last reset)
  • The average score is 17 of 28

Answer Stats

HintAnswer% Correct
Starting City/TownLumbridge
97%
Area for PvPWilderness
97%
Awarded at skill level 99Skill Cape
94%
"Toughest" F2P QuestDragon Slayer
89%
Skill that supports familiarsSummoning
79%
Lives underneath Falador ParkGiant Mole
76%
Spell that converts objects into coinsAlchemy
73%
Hitpoints was renamed to...Constitution
71%
Newest skillDungeoneering
66%
Void knights outpost minigamePest Control
66%
Shows above player after player killingSkull and crossbones
65%
Jungle IslandKaramja
64%
2012 update that changed combatEvolution of Combat
62%
Monkey islandApe Atoll
61%
Transport option to navigate the desertMagic Carpet
60%
Spin this wheel every daySqueal of fortune
60%
Bowstring is made from this raw materialFlax
59%
Number of items in a standrad inventory28
57%
Tzhaar fight caves monster supplying fire capes on defeatJad
56%
Large dwarven creation, useful for multi combat areaCannon
55%
PvP for money/stakes at the...Duel Arena
55%
Drink fit for dwarves...(Increases mining)Dwarven Stout
50%
"One-off" item that kills monsters in one hitInsta Kill Dart
43%
No weapons/armour on this islandEntrana
39%
Ghost town/portPort Phasmatys
34%
Area suffering from a "plague"West Ardougne
34%
Ancient prison occupantNex
29%
Boss between rouges castle and the deserted keepChaos Elemental
26%

Score Distribution

Percentile by Number Answered

Percent of People with Each Score

Your Score History

You have not taken this quiz since the last reset